| 000 | 00560nam a2200205Ia 4500 | ||
|---|---|---|---|
| 005 | 20230429131321.0 | ||
| 008 | 131103s9999 xx 000 0 und d | ||
| 020 |
_a817544026 0 _cRs 70 |
||
| 040 | _aLoreto College | ||
| 041 | _aEnglish | ||
| 082 |
_a650 _bRAJ |
||
| 100 | _aRaju, M.S. | ||
| 245 |
_aJob hunting _b the what and how of it _cby M.S.Raju |
||
| 260 |
_aNew Delhi _bWheeler Publishing _c1997 |
||
| 300 |
_a141 p. _b ill., photos |
||
| 650 | _aManagement - | ||
| 651 | _aManagement and auxiliary services - | ||
| 850 | _aLCLIB | ||
| 942 | _cBK | ||
| 999 |
_c1146 _d51625 |
||